000 00609nam a22001937a 4500
005 20251108164957.0
008 250721s1981 xx 000 0 ara d
082 1 4 _a810.90973/جبر
100 1 _aجبران، جبران خليل
245 1 0 _aحديقة النبي رمد وزبد /
264 1 _aبيروت :
_bمكتبة صادر- دارجبران،
_c1981.
300 _a56ص.
650 1 7 _aالأدب العربي
650 1 7 _aالنقد الأدبي
650 1 7 _aالأدب العربي في المهجر
700 1 _aعكاشه، ثروت
_eترجمة
942 _2ddc
_cBK
999 _c18873
_d18873